000
00220 a2200097 4500
001
53347
100
_a
Tau, H
245
_a
Digital Circuits and Microprocessors
260
_a
N.y
_b
Mc Graw Hill
_c
090
_c
33595
_d
33595
942
_a
NUST-CAE
_c
M
_c
26219
999
_c
288420
_d
288420